The mathematical solution of engineering problems /
Guardado en:
| Autor Principal: | |
|---|---|
| Otros Autores: | |
| Formato: | Libro |
| Idioma: | English |
| Publicado: |
New York :
Columbia University Press,
1957.
|
| Etiquetas: |
Agregar Etiqueta
Sin Etiquetas, Sea el primero en etiquetar este registro!
|
| LEADER | 00602nam a22001575a 4500 | ||
|---|---|---|---|
| 001 | MAT.inmabb000389 | ||
| 008 | 031211s1957####nyu###########001#0#eng#d | ||
| 005 | 20110302113154.0 | ||
| 245 | 1 | 4 | |a The mathematical solution of engineering problems / |c by Mario G. Salvadori ; with a collection of problems by Kenneth S. Miller. |
| 260 | |a New York : |b Columbia University Press, |c 1957. | ||
| 300 | |a x, 245 p. ; |c cm. | ||
| 500 | |a Rev. printing of the 1st ed. [1948]. | ||
| 100 | 1 | |a Salvadori, Mario George, |d 1907- | |
| 700 | 1 | |a Miller, Kenneth S. |4 clb | |
| 084 | |a 00A69 |2 msc2000 | ||
| 859 | |h 00A69 |i Sa182 |p A-130 |b BIB. MATEMATICA | ||
